Ipolyság

Zobrazenie: Pohľad na námestie, na ktorom sú v popredí tri stojace osoby napravo mariánsky stĺp, v pozadí budovy a pred nimi štyry povozy s koňmi

Bibliographic Details
Format: Photo
Language:Hungarian
PhysicalDescription:1 pohľadnica kolorovaná 9 x 14 cm
Published: Ipolyság Neumann Jakab [1916?]
Subjects:

MARC

LEADER 00000nkm a2200000 a 4500
001 vtls011772008
003 SK-MaSNL
005 20260302021335.0
007 kf ho
008 230706q1916 xo g kuhun
015 |a SNBG1916 
035 |a urn:nbn:sk:snk-km00doj4 
035 |a urn:nbn:sk:snk-km3lyrf 
035 |a CBE1B673-CF52-427E-8020-09FA68D663FC 
040 |a SNK  |b slo  |c SNK  |e AACR2 
041 0 |a hun 
043 |a e-xo--- 
044 |a xo  |c SK 
072 7 |a 913  |x Regionálna geografia  |2 konspekt 
080 |a 913(437.6)  |2 2011 
080 |a 711.61  |2 2011 
080 |a (084.121)  |2 2011 
080 |a 725.94  |2 2011 
245 0 0 |a Ipolyság  |h grafika  |c föter 
260 |a Ipolyság  |b Neumann Jakab  |c [1916?] 
300 |a 1 pohľadnica  |b kolorovaná  |c 9 x 14 cm 
500 |a Názvové údaje prevzaté z obrazovej časti pohľadnice 
520 8 |a Zobrazenie: Pohľad na námestie, na ktorom sú v popredí tri stojace osoby napravo mariánsky stĺp, v pozadí budovy a pred nimi štyry povozy s koňmi 
650 0 7 |a námestia  |2 SNKPH  |9 26291 
650 0 7 |a mariánske stĺpy a piliere  |2 SNKPH  |9 1998 
651 7 |a Šahy (Slovensko)  |2 SNKPHgeo  |9 58701 
655 7 |a miestne pohľadnice  |2 SNKPH  |9 70510 
752 |a Slovensko  |d Šahy 
852 |a Slovenská národná knižnica 
958 |a GC 
958 |a ONDV 
958 |a GBN 
999 |c 1028526  |d 1030456 
952 |a SNK  |b SNK  |y PREZ  |7 0  |p 17A1222039  |o snkSP 23388  |z Pohľadnica prešla poštou.  |0 0  |1 0  |4 0  |d 2018-08-13  |f 1  |l 0  |r 2026-02-24 13:46:21  |w 2026-02-24